Statistics for Countries that Produce the Most Cheese per Capita

Click here to take the quiz!

General Stats

  • This quiz has been taken 16,598 times
    (1,704 since last reset)
  • The average score is 15 of 20

Answer Stats

kg / personcountry% Correct
25.9France
95%
24.8Switzerland
94%
55.9Netherlands
94%
20.0Italy
93%
19.3United States
92%
29.1Germany
90%
28.1Austria
90%
79.5Denmark
88%
56.9Ireland
87%
19.6Poland
86%
20.8Greece
85%
80.1New Zealand
83%
30.1Latvia
69%
27.2Lithuania
68%
33.9Estonia
68%
41.2Iceland
66%
22.2Belarus
63%
17.8Israel
53%
19.0Cyprus
46%
19.5Uruguay
36%

Score Distribution

Percentile by Number Answered

Percent of People with Each Score

Your Score History

You have not taken this quiz since the last reset